Linie lotnicze według kodu IATA - Statystyki

Ogólne statystyki
  • Ten quiz został rozwiązany 38 razy
  • Średni wynik to 7 z 15
Statystyki odpowiedzi
Hint Odpowiedź % Poprawnych
LH Lufthansa
84%
AA American Airlines
81%
LO LOT
75%
KL KLM
72%
IB Iberia
69%
QR Qatar Airways
66%
W6 Wizz Air
50%
AC Air Canada
47%
QF Qantas
44%
NZ Air New Zealand
38%
SK SAS
31%
CA Air China
25%
DY Norwegian
13%
VS Virgin Atlantic
6%
JS Air Koryo
3%
Nie znaleziono quizów pasujących do podanych kryteriów
Rozkład punktacji
Procent ludzi z każdym wynikiem
Percentyl według liczby udzielonych odpowiedzi
Twoja historia wyników
Nie rozwiązałeś tego quizu